Joueurs NFL MVP - Statistiques

Statistiques générales
  • Ce quiz a été pris 316 fois
    219 depuis la dernière actualisation
  • Le résultat moyen est 21 sur 73
Statistiques - réponses
Année MVP % Correct
2022 Patrick Mahomes
97%
2018 Patrick Mahomes
97%
2017 Tom Brady
97%
2010 Tom Brady
97%
2007 Tom Brady
97%
2023 Lamar Jackson
93%
2019 Lamar Jackson
93%
1985 Marcus Allen
79%
2021 Aaron Rodgers
73%
2020 Aaron Rodgers
73%
2014 Aaron Rodgers
73%
2011 Aaron Rodgers
73%
2013 Peyton Manning
67%
2009 Peyton Manning
67%
2008 Peyton Manning
67%
2004 Peyton Manning
67%
2003 Peyton Manning
67%
2024 Josh Allen
61%
1990 Joe Montana
60%
1989 Joe Montana
60%
2015 Cam Newton
37%
2016 Matt Ryan
32%
1984 Dan Marino
29%
2012 Adrian Peterson
27%
1997 Brett Favre
26%
1996 Brett Favre
26%
1995 Brett Favre
26%
1997 Barry Sanders
18%
1994 Steve Young
18%
1992 Steve Young
18%
1987 John Elway
17%
1993 Emmitt Smith
16%
2006 LaDainian Tomlinson
15%
2001 Kurt Warner
14%
1999 Kurt Warner
14%
1977 Walter Payton
14%
1973 O.J Simpson
12%
1965 Jim Brown
11%
1958 Jim Brown
11%
1957 Jim Brown
11%
1962 Jim Taylor
10%
1972 Larry Brown
10%
1986 Lawrence Taylor
10%
1976 Bert Jones
9%
2005 Shaun Alexander
7%
1998 Terrel Davis
7%
1978 Terry Bradshaw
7%
1967 Johnny Unitas
6%
1964 Johnny Unitas
6%
1959 Johnny Unitas
6%
2003 Steve McNair
6%
2000 Marshall Faulk
5%
2002 Rich Gannon
4%
1966 Bart Starr
3%
1975 Fran Tarkenton
3%
1971 Alan Page
2%
1981 Ken Anderson
2%
1991 Thurman Thomas
2%
1980 Brian Sipe
1%
1979 Earl Campbell
1%
1968 Earl Morrall
1%
1970 John Brodie
1%
1974 Ken Stabler
1%
1982 Mark Moseley
1%
1988 Boomer Esianson
0%
1959 Charlie Conerly
0%
1958 Gino Marchetti
0%
1960 Joe Schmidt
0%
1983 Joe Thiesmann
0%
1960 Norm Van Brocklin
0%
1961 Paul Hornung
0%
1969 Roman Gabriel
0%
1963 Y.A. Tittle
0%
Aucun quiz correspondant
Distribution des résultats
% des personnes avec chaque résultat
Percentile par nombre de réponses
Votre historique - résultats
Vous n’avez pas pris ce quiz depuis la dernière actualisation